00297nam a2200121Ia 4500008004100000100001200041245002300053260004400076300000900120650002400129942000700153999001500160190216s9999||||xx |||||||||||||| ||und|| aMee A J 0aPhysical Chemistry bThe English Language Book Societyc1964 a719p aChemistry-Chemistry cBK c1975d1975